[Event "Bergamo Province-ch"]
[Site "Bergamo"]
[Date "2006.11.03"]
[Round "5"]
[White "Impellizzeri, Francesco"]
[Black "Longo, Pietro"]
[Result "0-1"]
[WhiteElo "1688"]
[BlackElo "1772"]
[PlyCount "96"]
[EventDate "2006.10.06"]
[EventType "swiss"]
[EventRounds "9"]
[EventCountry "ITA"]
[SourceTitle "EXT 2011"]
[Source "ChessBase"]
[SourceDate "2010.11.26"]
[SourceVersion "1"]
[SourceVersionDate "2010.11.26"]
[SourceQuality "1"]

1. d4 Nf6 2. c4 g6 3. Nc3 Bg7 4. e4 d6 5. f4 0-0 6. Nf3 c5 7. dxc5 Qa5 8. Bd3 Qxc5 9. Qe2 Nc6 10. Be3 Qa5 11. 0-0 Ng4 12. Bd2 Nd4 13. Nxd4 Bxd4+ 14. Kh1 Qc5 15. b4 Qh5 16. h3 Bd7 17. f5 Nf6 18. Rac1 Qxe2 19. Nxe2 Be5 20. Bc3 Bxc3 21. Rxc3 Bc6 22. Ng3 b6 23. Re1 Nd7 24. Bc2 Rfc8 25. Bb3 a5 26. a3 axb4 27. axb4 Ra3 28. Ree3 Ne5 29. Kh2 Ba4 30. fxg6 hxg6 31. Ne2 Rxb3 32. Rxb3 Bxb3 33. Rxb3 Rxc4 34. Nc3 e6 35. Kg1 Nc6 36. Nb5 Rxe4 37. Nxd6 Rxb4 38. Rf3 f5 39. Rc3 Nd4 40. Rc8+ Kh7 41. Nf7 Rb1+ 42. Kf2 Kg7 43. Rc7 Kf6 44. Ke3 Nb5 45. Rb7 Na3 46. Nd6 b5 47. h4 b4 48. Kd3 Rd1+ 0-1

[Event "Bergamo Province-ch"]
[Site "Bergamo"]
[Date "2006.10.27"]
[Round "4"]
[White "Longo, Pietro"]
[Black "Villa, Claudio"]
[Result "1-0"]
[WhiteElo "1772"]
[BlackElo "1798"]
[PlyCount "209"]
[EventDate "2006.10.06"]
[EventType "swiss"]
[EventRounds "9"]
[EventCountry "ITA"]
[SourceTitle "EXT 2011"]
[Source "ChessBase"]
[SourceDate "2010.11.26"]
[SourceVersion "1"]
[SourceVersionDate "2010.11.26"]
[SourceQuality "1"]

1. d4 d5 2. c4 dxc4 3. e4 e5 4. Nf3 Nf6 5. Bxc4 Bb4+ 6. Nc3 0-0 7. Nxe5 Nxe4 8. 0-0 Nd6 9. Bb3 Nd7 10. Nd5 Ba5 11. Nf3 h6 12. Bf4 Nf6 13. Nxf6+ Qxf6 14. Be5 Qe7 15. Rc1 c6 16. h3 Bf5 17. Bxd6 Qxd6 18. Rc5 Bxh3 19. gxh3 Bb6 20. Re5 Bc7 21. Qd3 Rad8 22. Rfe1 Rd7 23. Re8 Qf6 24. Bc2 g6 25. Qe4 Qd6 26. Rxf8+ Kxf8 27. Qe8+ Kg7 28. Qe5+ Qf6 29. Qxf6+ Kxf6 30. Re4 g5 31. Kg2 Bb6 32. h4 Rd5 33. hxg5+ hxg5 34. Kh3 Kg7 35. Re5 Rxe5 36. dxe5 Bxf2 37. Kg4 f6 38. exf6+ Kxf6 39. Nxg5 Bd4 40. b3 b5 41. Be4 c5 42. Bd5 a5 43. Nf3 Bc3 44. Kf4 Ke7 45. Ke4 Kd6 46. Ng5 c4 47. bxc4 bxc4 48. Bxc4 Kc5 49. Kd3 Be1 50. a4 Bh4 51. Ne4+ Kb4 52. Bb5 Be7 53. Kd4 Bd8 54. Kd5 Be7 55. Nd6 Bh4 56. Nb7 Bg3 57. Kc6 Bf2 58. Nd6 Bg3 59. Nc4 Bf2 60. Kb7 Bg3 61. Ka6 Bc7 62. Nb6 Bd8 63. Bd7 Bh4 64. Nd5+ Kc5 65. Nf4 Kb4 66. Nd3+ Kc3 67. Bb5 Bd8 68. Ne5 Bf6 69. Nc6 Bh4 70. Kxa5 Be1 71. Ka6 Kb3 72. Nd4+ Kb2 73. Bd7 Bc3 74. Nb5 Be1 75. a5 Bxa5 76. Kxa5 Kb3 77. Bf5 Ka2 78. Kb4 Kb2 79. Kc4 Ka2 80. Kc3 Ka1 81. Be6 Kb1 82. Na3+ Ka1 83. Nc2+ Kb1 84. Bc4 Kc1 85. Ba2 Kd1 86. Nd4 Kc1 87. Ne2+ Kd1 88. Nd4 Kc1 89. Nc2 Kd1 90. Bf7 Kc1 91. Ba2 Kd1 92. Nd4 Kc1 93. Ne2+ Kd1 94. Kd3 Ke1 95. Ke3 Kd1 96. Bb1 Ke1 97. Bc2 Kf1 98. Nf4 Ke1 99. Ng2+ Kf1 100. Kf3 Kg1 101. Bd3 Kh2 102. Nf4 Kg1 103. Kg3 Kh1 104. Be2 Kg1 105. Nh3+ 1-0

[Event "Bergamo Province-ch"]
[Site "Bergamo"]
[Date "2006.10.13"]
[Round "2"]
[White "Cammarota, Vittorio"]
[Black "Longo, Pietro"]
[Result "0-1"]
[WhiteElo "1926"]
[BlackElo "1772"]
[PlyCount "114"]
[EventDate "2006.10.06"]
[EventType "swiss"]
[EventRounds "9"]
[EventCountry "ITA"]
[SourceTitle "EXT 2011"]
[Source "ChessBase"]
[SourceDate "2010.11.26"]
[SourceVersion "1"]
[SourceVersionDate "2010.11.26"]
[SourceQuality "1"]

1. Nf3 Nf6 2. d4 g6 3. Bf4 Bg7 4. e3 0-0 5. h3 d6 6. Be2 c5 7. c3 Qb6 8. Qb3 Be6 9. dxc5 Bxb3 10. cxb6 axb6 11. a3 Nc6 12. 0-0 Na5 13. Nbd2 Ba4 14. Rfe1 Rfc8 15. Bd1 Bd7 16. Bc2 b5 17. Rad1 Nc4 18. Nxc4 bxc4 19. e4 Rd8 20. e5 dxe5 21. Bxe5 e6 22. Rd2 Nd5 23. Bxg7 Kxg7 24. Red1 Ba4 25. Bxa4 Rxa4 26. Rd4 b5 27. Ng5 Ra7 28. Re1 Rad7 29. Nf3 Nb6 30. Red1 Rxd4 31. Rxd4 Rxd4 32. Nxd4 Na4 33. Nxb5 Nxb2 34. f4 Kf6 35. Kf2 e5 36. Kf3 exf4 37. Kxf4 Ke6 38. Ke4 f5+ 39. Kf4 h6 40. h4 Na4 41. Nc7+ Kd6 42. Nb5+ Kc5 43. Nd4 Nxc3 44. Nc2 Nd5+ 45. Ke5 c3 46. g3 Kc4 47. a4 Nb4 48. Ne3+ Kd3 49. Kf4 g5+ 50. hxg5 hxg5+ 51. Kf3 c2 52. Nxc2 Nxc2 53. a5 Nb4 54. Kf2 Ke4 55. Ke2 g4 56. Kf2 Kd3 57. Kg2 Ke3 0-1

[Event "Bergamo Province-ch"]
[Site "Bergamo"]
[Date "2006.10.06"]
[Round "1"]
[White "Longo, Pietro"]
[Black "Basletta, Giovanni"]
[Result "1-0"]
[WhiteElo "1772"]
[BlackElo "1377"]
[PlyCount "37"]
[EventDate "2006.10.06"]
[EventType "swiss"]
[EventRounds "9"]
[EventCountry "ITA"]
[SourceTitle "EXT 2011"]
[Source "ChessBase"]
[SourceDate "2010.11.26"]
[SourceVersion "1"]
[SourceVersionDate "2010.11.26"]
[SourceQuality "1"]

1. d4 b6 2. c4 Bb7 3. Nc3 e6 4. e4 d5 5. cxd5 Bb4 6. Qa4+ Qd7 7. Qxb4 Nf6 8. Nf3 exd5 9. Ne5 Qe6 10. Nb5 Qc8 11. Be2 dxe4 12. Bc4 Na6 13. Bxf7+ Kd8 14. Qc4 c6 15. Nd6 Qc7 16. Nxb7+ Qxb7 17. Nxc6+ Kd7 18. Qd5+ Kc7 19. Bf4+ 1-0

[Event "Bratto Gorgonzola op-B"]
[Site "Bratto"]
[Date "2006.08.25"]
[Round "6"]
[White "Longo, Pietro"]
[Black "Bonotto, Giorgio"]
[Result "0-1"]
[WhiteElo "1757"]
[BlackElo "1918"]
[PlyCount "80"]
[EventDate "2006.08.20"]
[EventType "swiss"]
[EventRounds "8"]
[EventCountry "ITA"]
[SourceTitle "EXT 2008"]
[Source "ChessBase"]
[SourceDate "2007.11.25"]
[SourceVersion "1"]
[SourceVersionDate "2007.11.25"]
[SourceQuality "1"]

1. d4 d5 2. c4 dxc4 3. e4 e5 4. Nf3 Nf6 5. Nxe5 Bb4+ 6. Nc3 0-0 7. Bg5 h6 8. Bxf6 Qxf6 9. Bxc4 c5 10. 0-0 Bxc3 11. bxc3 Nc6 12. f4 a6 13. Nxc6 bxc6 14. Rb1 Rd8 15. e5 Qe7 16. f5 cxd4 17. cxd4 Qg5 18. Qb3 Bxf5 19. Bxf7+ Kh8 20. Rbd1 Be4 21. Qg3 Qe7 22. Bg6 Bd5 23. Bc2 Bxa2 24. Qg6 Bg8 25. Qxc6 Rac8 26. Qg6 a5 27. Rf2 a4 28. Bxa4 Qa7 29. Bc2 Rxd4 30. Rxd4 Qxd4 31. Qf5 Rc6 32. Qd3 Qxe5 33. Rf8 Qe1+ 34. Rf1 Qe7 35. Rb1 Qa7+ 36. Kh1 Qa2 37. Rc1 Qb2 38. Qd2 Rc8 39. h3 Bh7 40. Qd6 Rxc2 0-1

[Event "Bergamo Province-ch"]
[Site "Bergamo"]
[Date "2005.11.25"]
[Round "8"]
[White "Longo, Pietro"]
[Black "Mora, Lorenzo"]
[Result "0-1"]
[WhiteElo "1757"]
[BlackElo "1787"]
[PlyCount "80"]
[EventDate "2005.10.07"]
[EventType "swiss"]
[EventRounds "8"]
[EventCountry "ITA"]
[SourceTitle "EXT 2023"]
[Source "ChessBase"]
[SourceDate "2022.10.05"]
[SourceVersion "1"]
[SourceVersionDate "2022.10.05"]
[SourceQuality "1"]

1. d4 Nf6 2. c4 g6 3. Nc3 Bg7 4. e4 d6 5. Be2 0-0 6. Bg5 c5 7. d5 h6 8. Bh4 Qa5 9. Qc2 Nxe4 10. Rc1 Bf5 11. Bd3 Nxc3 12. bxc3 Bxd3 13. Qxd3 Qxa2 14. Ne2 Nd7 15. f4 Rfe8 16. 0-0 Nb6 17. Rb1 Rab8 18. Ra1 Qxc4 19. Qxc4 Nxc4 20. Rxa7 Ne3 21. Rb1 Nxd5 22. Rbxb7 Rxb7 23. Rxb7 Nxc3 24. Nxc3 Bxc3 25. Bxe7 Bd4+ 26. Kf1 d5 27. Rd7 Be3 28. g4 Bxf4 29. Bxc5 Bxh2 30. Rxd5 g5 31. Bd4 Bf4 32. Bf6 Kh7 33. Rd7 Kg6 34. Bd4 Be5 35. Bc5 Bf6 36. Rd6 Re6 37. Rd7 Re4 38. Bf8 Rxg4 39. Bxh6 Kxh6 40. Rxf7 Kg6 0-1

[Event "Bergamo Province-ch"]
[Site "Bergamo"]
[Date "2005.10.14"]
[Round "2"]
[White "Minieri, Filippo"]
[Black "Longo, Pietro"]
[Result "1-0"]
[WhiteElo "2155"]
[BlackElo "1757"]
[PlyCount "87"]
[EventDate "2005.10.07"]
[EventType "swiss"]
[EventRounds "8"]
[EventCountry "ITA"]
[SourceTitle "EXT 2023"]
[Source "ChessBase"]
[SourceDate "2022.10.05"]
[SourceVersion "1"]
[SourceVersionDate "2022.10.05"]
[SourceQuality "1"]

1. e4 c5 2. Nc3 d6 3. f4 Nf6 4. Be2 g6 5. d4 cxd4 6. Qxd4 Nc6 7. Qe3 Bg7 8. h3 0-0 9. Bd2 d5 10. exd5 Nxd5 11. Nxd5 Qxd5 12. Bf3 Qe6 13. c3 Na5 14. Qxe6 Bxe6 15. b3 Rfd8 16. Ne2 Nc6 17. Bxc6 bxc6 18. g4 Rd3 19. f5 Bd5 20. Nf4 Rxd2 21. Kxd2 Bxh1 22. Rxh1 Bh6 23. Ke3 Rd8 24. h4 Bxf4+ 25. Kxf4 Kg7 26. Re1 Rd7 27. Re4 gxf5 28. Kxf5 e6+ 29. Kf4 h6 30. Rc4 Rd6 31. Ra4 Rd7 32. Ra6 c5 33. Ra5 c4 34. bxc4 Rc7 35. c5 f6 36. Ke4 Kf7 37. Kd4 Ke7 38. c6 e5+ 39. Kd5 e4 40. Ra4 f5 41. gxf5 Kf6 42. Rxe4 Kxf5 43. Re8 Kg4 44. Kd6 1-0

[Event "Bergamo Province-ch"]
[Site "Bergamo"]
[Date "2003.11.14"]
[Round "6"]
[White "Bassis, Ivano"]
[Black "Longo, Pietro"]
[Result "1-0"]
[WhiteElo "1747"]
[BlackElo "1588"]
[PlyCount "133"]
[EventDate "2003.10.10"]
[EventType "swiss"]
[EventRounds "8"]
[EventCountry "ITA"]
[SourceTitle "EXT 2023"]
[Source "ChessBase"]
[SourceDate "2022.10.05"]
[SourceVersion "1"]
[SourceVersionDate "2022.10.05"]
[SourceQuality "1"]

1. e4 c5 2. Nf3 d6 3. d3 g6 4. g3 Bg7 5. Bg2 Nf6 6. 0-0 0-0 7. Re1 Nc6 8. c3 Qc7 9. a4 Bg4 10. Nbd2 Ne5 11. Qe2 Rac8 12. h3 Bd7 13. Nf1 Nxf3+ 14. Qxf3 Bc6 15. Bf4 Nd7 16. Nh2 Ne5 17. Qe3 c4 18. Bxe5 Bxe5 19. dxc4 Bd7 20. b3 b6 21. Nf3 Bf6 22. Nd4 a6 23. Nc2 a5 24. Rad1 Rfd8 25. Rd3 Qc5 26. Red1 Qc7 27. Qd2 Qc5 28. Ne3 Be6 29. Nd5 Bxd5 30. Rxd5 Qc7 31. f4 e6 32. Rxd6 Qc5+ 33. Kh2 Rxd6 34. Qxd6 Qxd6 35. Rxd6 Bxc3 36. Rxb6 Bb4 37. e5 Rd8 38. Rb5 Rc8 39. Rb7 Rd8 40. Rc7 Rd3 41. c5 Be1 42. c6 Bxg3+ 43. Kg1 Rd1+ 44. Bf1 Rc1 45. Rc8+ Kg7 46. Kg2 Bxf4 47. Bc4 Bxe5 48. c7 Kf6 49. Kf3 Rc3+ 50. Ke4 Rxh3 51. Bxe6 Bxc7 52. Bxh3 Bd6 53. Ra8 Bb4 54. Ra7 h5 55. Bf1 h4 56. Bc4 h3 57. Rxf7+ Kg5 58. Kf3 h2 59. Kg2 Bd6 60. Ra7 Bb4 61. Kxh2 Kg4 62. Rb7 Bd2 63. Kg2 g5 64. Rf7 Kh5 65. Bd3 g4 66. Be2 Kg6 67. Rd7 1-0

[Event "Bergamo Province-ch"]
[Site "Bergamo"]
[Date "2003.10.17"]
[Round "2"]
[White "Mora, Lorenzo"]
[Black "Longo, Pietro"]
[Result "1-0"]
[WhiteElo "1705"]
[BlackElo "1588"]
[PlyCount "97"]
[EventDate "2003.10.10"]
[EventType "swiss"]
[EventRounds "8"]
[EventCountry "ITA"]
[SourceTitle "EXT 2023"]
[Source "ChessBase"]
[SourceDate "2022.10.05"]
[SourceVersion "1"]
[SourceVersionDate "2022.10.05"]
[SourceQuality "1"]

1. d4 d5 2. c4 e6 3. Nc3 Nf6 4. Nf3 Be7 5. Bf4 c6 6. e3 0-0 7. Bd3 Nbd7 8. 0-0 dxc4 9. Bxc4 b5 10. Bd3 a6 11. e4 Bb7 12. Rc1 Rc8 13. Bb1 Nb6 14. Qd3 g6 15. Rfd1 c5 16. Qc2 c4 17. a3 Re8 18. Bg5 Nfd7 19. h4 Bxg5 20. hxg5 f5 21. gxf6 Qxf6 22. e5 Qf5 23. Qe2 Bxf3 24. Qxf3 Qxf3 25. gxf3 Nd5 26. Ne4 Rf8 27. Nd6 Rcd8 28. Be4 Nf4 29. Kf1 h5 30. Ke1 h4 31. Nb7 Rb8 32. Kd2 Kg7 33. Rg1 h3 34. Rg4 Rxb7 35. Bxb7 h2 36. Rh1 Nd3 37. Rxh2 Rd8 38. Rgh4 N3xe5 39. Rh7+ Kf6 40. dxe5+ Nxe5+ 41. Kc1 a5 42. Be4 b4 43. axb4 axb4 44. Rg2 Nd3+ 45. Bxd3 Rxd3 46. Rh6 Rxf3 47. Rgxg6+ Kf7 48. Rxe6 Rxf2 49. Rc6 1-0

[Event "Bergamo Province-ch"]
[Site "Bergamo"]
[Date "2003.10.10"]
[Round "1"]
[White "Cambieri, Mario"]
[Black "Longo, Pietro"]
[Result "0-1"]
[WhiteElo "1774"]
[BlackElo "1588"]
[PlyCount "56"]
[EventDate "2003.10.10"]
[EventType "swiss"]
[EventRounds "8"]
[EventCountry "ITA"]
[SourceTitle "EXT 2023"]
[Source "ChessBase"]
[SourceDate "2022.10.05"]
[SourceVersion "1"]
[SourceVersionDate "2022.10.05"]
[SourceQuality "1"]

1. c4 e5 2. Nc3 f5 3. e4 Nf6 4. d3 d6 5. Nf3 Be7 6. Be2 0-0 7. 0-0 c6 8. Qc2 Na6 9. a3 fxe4 10. dxe4 Qe8 11. b4 Nc7 12. Bb2 Qg6 13. Nh4 Qf7 14. Nf3 Qg6 15. Nh4 Qf7 16. g3 Nh5 17. Ng2 Bh3 18. Bxh5 Qxh5 19. Qe2 Rf3 20. Ne1 Bxf1 21. Kxf1 Qh3+ 22. Kg1 Rf7 23. Ng2 Raf8 24. Rf1 Ne6 25. Nd1 Rf3 26. Nde3 g6 27. Nf5 gxf5 28. Qxf3 fxe4 0-1

[Event "Bergamo Province-ch"]
[Site "Bergamo"]
[Date "2001.11.13"]
[Round "8"]
[White "Biava, Pierluigi"]
[Black "Longo, Pietro"]
[Result "1-0"]
[WhiteElo "1525"]
[BlackElo "1585"]
[PlyCount "30"]
[EventDate "2001.09.25"]
[EventType "swiss"]
[EventRounds "8"]
[EventCountry "ITA"]
[SourceTitle "EXT 2024"]
[Source "ChessBase"]
[SourceDate "2023.10.10"]
[SourceVersion "1"]
[SourceVersionDate "2023.10.10"]
[SourceQuality "1"]

1. e4 c5 2. Nf3 d6 3. c3 Nf6 4. h3 Nxe4 5. Qa4+ Bd7 6. Qxe4 Bc6 7. Qe2 g6 8. d3 Bg7 9. Bf4 Nd7 10. Nbd2 0-0 11. g4 Qb6 12. Nc4 Qc7 13. Bg2 b5 14. Ne3 b4 15. cxb4 Bxb2 1-0

[Event "Bergamo Province-ch"]
[Site "Bergamo"]
[Date "2001.10.16"]
[Round "4"]
[White "Bassis, Ivano"]
[Black "Longo, Pietro"]
[Result "1/2-1/2"]
[WhiteElo "1642"]
[BlackElo "1585"]
[PlyCount "55"]
[EventDate "2001.09.25"]
[EventType "swiss"]
[EventRounds "8"]
[EventCountry "ITA"]
[SourceTitle "EXT 2024"]
[Source "ChessBase"]
[SourceDate "2023.10.10"]
[SourceVersion "1"]
[SourceVersionDate "2023.10.10"]
[SourceQuality "1"]

1. e4 c5 2. Nf3 d6 3. Bb5+ Bd7 4. Bxd7+ Qxd7 5. 0-0 Nc6 6. c3 Nf6 7. Qe2 g6 8. d4 cxd4 9. cxd4 Qc7 10. Nc3 Bg7 11. Bg5 0-0 12. Bxf6 exf6 13. Nb5 Qd8 14. d5 Ne5 15. Rac1 Nxf3+ 16. Qxf3 a6 17. Nd4 f5 18. Ne2 fxe4 19. Qxe4 Re8 20. Qd3 Rc8 21. Rxc8 Qxc8 22. b3 Qg4 23. Ng3 Qc8 24. Ne4 Qf5 25. Re1 Rc8 26. Qg3 Qe5 27. Kf1 Qxg3 28. hxg3 1/2-1/2

[Event "Bergamo Province-ch"]
[Site "Bergamo"]
[Date "2000.10.31"]
[Round "6"]
[White "Ranfagni, Stefano"]
[Black "Longo, Pietro"]
[Result "1-0"]
[WhiteElo "1585"]
[BlackElo "1630"]
[PlyCount "75"]
[EventDate "2000.09.26"]
[EventType "swiss"]
[EventRounds "6"]
[EventCountry "ITA"]
[SourceTitle "EXT 2024"]
[Source "ChessBase"]
[SourceDate "2023.10.10"]
[SourceVersion "1"]
[SourceVersionDate "2023.10.10"]
[SourceQuality "1"]

1. e4 c5 2. Nf3 d6 3. d4 cxd4 4. Nxd4 Nf6 5. Nc3 a6 6. Be2 e5 7. Nb3 Qc7 8. 0-0 Be7 9. Kh1 Be6 10. f4 Nbd7 11. f5 Bc4 12. Bxc4 Qxc4 13. Bd2 Nxe4 14. Na5 Nxc3 15. Nxc4 Nxd1 16. Raxd1 Rc8 17. Ne3 Nf6 18. Bb4 Rc6 19. g4 h6 20. c3 0-0 21. Kg2 Rd8 22. c4 Kf8 23. b3 b5 24. h3 bxc4 25. Nxc4 e4 26. Rfe1 d5 27. Ba5 Rdc8 28. Nb6 Rc2+ 29. Kh1 R8c5 30. b4 R5c3 31. Nxd5 Rxh3+ 32. Kg1 Bd6 33. Nxf6 Bh2+ 34. Kh1 Bg3+ 35. Kg1 Bf2+ 36. Kf1 Bxe1 37. Rd8+ Ke7 38. Ng8# 1-0

[Event "Bergamo Province-ch"]
[Site "Bergamo"]
[Date "2000.10.17"]
[Round "4"]
[White "Signorelli, Roberto"]
[Black "Longo, Pietro"]
[Result "0-1"]
[WhiteElo "1500"]
[BlackElo "1630"]
[PlyCount "68"]
[EventDate "2000.09.26"]
[EventType "swiss"]
[EventRounds "6"]
[EventCountry "ITA"]
[SourceTitle "EXT 2024"]
[Source "ChessBase"]
[SourceDate "2023.10.10"]
[SourceVersion "1"]
[SourceVersionDate "2023.10.10"]
[SourceQuality "1"]

1. e4 c5 2. c3 Nf6 3. e5 Nd5 4. d4 cxd4 5. cxd4 Nc6 6. Nf3 d6 7. a3 g6 8. Bc4 Nb6 9. Bb5 Nd5 10. Qb3 e6 11. Bg5 Qa5+ 12. Nc3 Bd7 13. 0-0 Nxc3 14. bxc3 Bg7 15. exd6 0-0 16. Bxc6 Bxc6 17. Be7 Bd5 18. c4 Bxf3 19. Bxf8 Bxd4 20. Ra2 Bc6 21. Bh6 Qh5 22. Bf4 e5 23. Bg3 Rd8 24. Rd2 Rxd6 25. Rfd1 Qg4 26. Kh1 g5 27. f3 Qxg3 28. Rxd4 Rh6 29. Rd8+ Kg7 30. h3 Rxh3+ 31. Kg1 Bxf3 32. Qxf3 Qh2+ 33. Kf2 Rxf3+ 34. Kxf3 Qf4+ 0-1

[Event "Bergamo Province-ch"]
[Site "Bergamo"]
[Date "2000.10.03"]
[Round "2"]
[White "Rizzuti, Pasquale"]
[Black "Longo, Pietro"]
[Result "1-0"]
[WhiteElo "1708"]
[BlackElo "1630"]
[PlyCount "75"]
[EventDate "2000.09.26"]
[EventType "swiss"]
[EventRounds "6"]
[EventCountry "ITA"]
[SourceTitle "EXT 2024"]
[Source "ChessBase"]
[SourceDate "2023.10.10"]
[SourceVersion "1"]
[SourceVersionDate "2023.10.10"]
[SourceQuality "1"]

1. e4 c5 2. Nf3 d6 3. d4 cxd4 4. Nxd4 Nf6 5. f3 e5 6. Nb3 a6 7. Be3 d5 8. N1d2 d4 9. Bf2 b5 10. a4 b4 11. Bc4 Qc7 12. 0-0 Be7 13. Qe2 0-0 14. Rfc1 Nh5 15. g3 Nf6 16. c3 bxc3 17. bxc3 d3 18. Qxd3 Rd8 19. Bd5 Nxd5 20. exd5 f5 21. c4 Nc6 22. a5 Nb4 23. Qc3 Qd7 24. Bb6 Bb7 25. Bxd8 Rxd8 26. Re1 Rc8 27. Qxe5 Bf6 28. Qe6+ Qxe6 29. Rxe6 Bxa1 30. Rb6 Bc3 31. Rxb7 Re8 32. d6 Nc6 33. Rc7 Nxa5 34. d7 Rd8 35. Rc8 Nb7 36. c5 Bf6 37. Nc4 Kf7 38. c6 1-0